| 000 | 00513nam a22001697a 4500 | ||
|---|---|---|---|
| 999 |
_c8448 _d8448 |
||
| 008 | 201124b ||||| |||| 00| 0 eng d | ||
| 040 | _aBMS College of Architecture | ||
| 100 | _aMathew,Varun Maliakkal | ||
| 245 | _aMulti religious place of worship | ||
| 300 | _aNA | ||
| 500 | _a1BM14AT047 | ||
| 502 |
_8B,Arch _NBMS College of Architecture, Visvesvaraya University (VTU) _aProject report _d2018 |
||
| 650 | _aReligious | ||
| 700 |
_aAdithya Kiran T _eGuide |
||
| 700 |
_aPrathima N _eGuide |
||
| 942 |
_2ddc _cTHE |
||